Kapitalmarktreform im Entwicklungsäuslandern <Eine> Analyse am Beispiel Perus

Gespeichert in:
Bibliographische Detailangaben
1. Verfasser: Corsepius, Üwe
Format: Buch
Sprache:Deutsch
Veröffentlicht: Tübingen Mohr 1989
Ausgabe:1. Aufl.
Schriftenreihe:Kieler Studien 225
Tags: Tag hinzufügen
Keine Tags, Fügen Sie das erste Tag hinzu!

MARC

LEADER 00000nam a2200000 4500
001 c025798
005 20221215124556.7
041 0 |a ger 
044 |a DE 
245 1 0 |a Kapitalmarktreform im Entwicklungsäuslandern  |b <Eine> Analyse am Beispiel Perus  |c Üwe Corsepius 
250 |a 1. Aufl. 
264 1 |a Tübingen  |b Mohr  |c 1989 
300 |a 212 s. 
490 1 |a Kieler Studien  |v 225 
830 0 |a Kieler Studien  |v 225 
100 1 |a Corsepius, Üwe